书目信息 |
| 题名: |
爱的指南:大学生心理健康教育
|
|
| 作者: | 李红亚 主编 | |
| 分册: | ||
| 出版信息: | 武昌 华中师范大学出版社 2018.08 |
|
| 页数: | 260页 | |
| 开本: | 20cm | |
| 丛书名: | ||
| 单 册: | ||
| 中图分类: | G444-43 | |
| 科图分类: | ||
| 主题词: | 教育心理学 | |
| 电子资源: | ||
| ISBN: | 978-7-5622-8234-1 | |
| 000 | 00597nam0 2200193 45 | |
| 001 | 2032414877 | |
| 005 | 20201103090157.83 | |
| 010 | @a978-7-5622-8234-1@dRMB 36.80 | |
| 100 | @a20201103d2018 km y0chiy0120 ea | |
| 101 | 0 | @achi |
| 102 | @aCN | |
| 200 | 1 | @a爱的指南:大学生心理健康教育@Aai de zhi nan:da xue sheng xin li jian kang jiao yu@f李红亚等主编@Fli hong ya deng zhu bian |
| 210 | @a武昌@c华中师范大学出版社@d2018.08 | |
| 215 | @a260页@d20cm | |
| 606 | 0 | @a教育心理学 |
| 690 | @aG444-43@v4 | |
| 701 | 0 | @a李红亚@Ali hong ya@4主编 |
| 801 | 0 | @aCN@bPFT@c20201103 |
| 905 | @a10447@dG444-43@eL178 | |
| 爱的指南:大学生心理健康教育/李红亚等主编.-武昌:华中师范大学出版社,2018.08 |
| 260页;20cm |
| ISBN 978-7-5622-8234-1:RMB 36.80 |
| ● |
| 相关链接 |
|
|
|
正题名:爱的指南:大学生心理健康教育
索取号:G444-43/L178
 
预约/预借
| 序号 | 登录号 | 条形码 | 馆藏地/架位号 | 状态 | 备注 |
| 1 | 1501807 | 215018077 | 社科库409/ [索取号:G444-43/L178] | 在馆 |